| 000 | 00694nam a22001817a 4500 | ||
|---|---|---|---|
| 999 |
_c18545 _d18545 |
||
| 008 | 231130b ||||| |||| 00| 0 eng d | ||
| 020 | _a9781394157785 | ||
| 082 |
_22023 _aDC 332.0285554 _bR259 |
||
| 100 |
_aRees, Michael. _950285 |
||
| 245 |
_aThe essentials of financial modeling in Excel : _ba concise guide to concepts and methods / _cMichael Rees. |
||
| 260 |
_aHoboken, NJ : _bWILEY, _c©2023. |
||
| 300 |
_axi, 316 pages : _billustrations ; _c25 cm. |
||
| 500 | _aIncludes index. | ||
| 650 |
_aFinance _xMathematical models. _94233 |
||
| 650 |
_aCorporations _xFinance _xMathematical models. _950286 |
||
| 650 |
_aMicrosoft Excel (Computer file). _950287 |
||
| 942 |
_2ddc _cDC |
||